000 00250nam a2200097Ia 4500
005 20250424112921.0
008 250424s9999 xx 000 0 und d
300 _avii, 226 p. :ill. ; 20 cm.
650 _aDeveloping countries--Periodicals.
942 _cSR
999 _c37865
_d37865